| 000 | 00395nam a2200145Ia 4500 | ||
|---|---|---|---|
| 008 | 241127s9999||||xx |||||||||||||| ||und|| | ||
| 020 |
_a9781578086849 _c399399 |
||
| 040 |
_beng _cSSK Library _erda |
||
| 082 | _a633.61233/GEN | ||
| 245 | 0 | _aGenetics, Genomics And Breeding Of Sugarcane | |
| 260 |
_b Science Publishers _c©2010 |
||
| 942 |
_22ddc _cBOOK _nNo |
||
| 999 |
_c11645 _d11645 |
||
| 003 | OSt | ||
| 005 | 20241127152856.0 | ||